000 00472nam a2200181Ia 4500
008 240925s9999 xx 000 0 und d
020 _a9789834705459
082 _a338.04 ARI
100 _aNot - Available
245 0 _aFundamentals of Entrepreneurship
250 _aNA
260 _aKarachi:
_bOxford University Press
_c,2013.
300 _a194p.
_b0
_fOriginal
500 _aIncludes Index
600 _aSocial Sciences
650 _aSocial Sciences
942 _cBK
999 _c16743
_d16743